Galadriel - Statistics

General Stats
  • This quiz has been taken 30 times
    17 since last reset
  • The average score is 5 of 12
Answer Stats
Hint Answer % Correct
Spouse Celeborn
100%
Children Celebrían
90%
Race Elf
90%
Ring Nenya
80%
Parents Finarfin and Eärwen
70%
Sibling(s) Finrod, Orodreth, Angrod, Aegnor
20%
Birth YT 1362
20%
Rule 1040
10%
Type of Elf Falmari, Ñoldor
10%
Culture House of Olwë, Finarfin
10%
Departed to Valinor September 29, TA 3021
10%
Realms Tirion, Doriath, Lindon, Eregion, Lothlórien
10%
No matching quizzes found
Score Distribution
Percent of People with Each Score
Percentile by Number Answered
Your Score History
You have not taken this quiz since the last reset